000 00399nam a2200157Ia 4500
003 LK-CoDNM
008 010623t1994 xxu||||| |||| 00| 1 eng d
040 _aLK-CoDNM
_dLK-CoDNM
_eLK-CoDNM
041 _aeng
080 _a294.3
100 _aSri Dhammananda Thero
245 _aBuddhism as a Religion
260 _bBuddhist Cultural Centre
_aDehiwala
_c1994
300 _b55p., 18 cm
942 _cBK
999 _c116390
_d116390